| 000 | 00674nam a22001697a 4500 | ||
|---|---|---|---|
| 008 | 160416b xxu||||| |||| 00| 0 eng d | ||
| 082 |
_22008 _aUT 0157 _bC16 |
||
| 100 |
_95775 _aCañon, Leonardo R. _bJr. |
||
| 245 |
_aLevel of implementation of sanitation code and community participation in the selected barangays of Padada, Davao del Sur/ _cLeonardo R. Cañon Jr. and 3 others. |
||
| 260 |
_aDigos City: _bUMDC _cMarch 2008. |
||
| 300 |
_a59 pages; _c28 cm. |
||
| 650 | 0 |
_95776 _aLiberal Arts _vPolitical Science _xUndergraduate thesis. |
|
| 700 |
_95777 _aBontes, Ferlyn Joy G. |
||
| 700 |
_95778 _aMorala, Marie Joy R. |
||
| 700 |
_95779 _aRubin, Massene P. |
||
| 942 |
_2ddc _cUT |
||
| 999 |
_c1820 _d1820 |
||